ICD-10-CM and ICD-10-PCS coding handbook, with answers (Record no. 11555)
[ view plain ]
| 000 -LEADER | |
|---|---|
| fixed length control field | 00332nam a22001337a 4500 |
| 020 ## - INTERNATIONAL STANDARD BOOK NUMBER | |
| International Standard Book Number | 9781556483844 |
| 082 ## - DEWEY DECIMAL CLASSIFICATION NUMBER | |
| Classification number | 005.8 LEO |
| 100 ## - MAIN ENTRY--PERSONAL NAME | |
| Personal name | Leon-Chisen, Nelly |
| 245 ## - TITLE STATEMENT | |
| Title | ICD-10-CM and ICD-10-PCS coding handbook, with answers |
| 260 ## - PUBLICATION, DISTRIBUTION, ETC. | |
| Place of publication, distribution, etc. | Chicago |
| Name of publisher, distributor, etc. | AHA press |
| Date of publication, distribution, etc. | 2012 |
| 650 ## - SUBJECT ADDED ENTRY--TOPICAL TERM | |
| Topical term or geographic name entry element | Coding |
| 700 ## - ADDED ENTRY--PERSONAL NAME | |
| Personal name | Nelly Leon-Chisen |
| 942 ## - ADDED ENTRY ELEMENTS (KOHA) | |
| Koha item type | Book |
| Withdrawn status | Lost status | Damaged status | Not for loan | Collection code | Permanent Location | Current Location | Shelving location | Date acquired | Source of acquisition | Cost, normal purchase price | Total Checkouts | Full call number | Barcode | Date last seen | Price effective from | Koha item type |
|---|---|---|---|---|---|---|---|---|---|---|---|---|---|---|---|---|
| Central Library (CL) | Central Library (CL) | First Floor - Artificial Intelligence/Data Mining | 01/24/2013 | Progressive International Agencies | 9370.63 | 005.8 LEO | SEECS011895 | 01/31/2013 | 01/31/2013 | Book |
